[Event "28th North American Open"]
[Site "Las Vegas"]
[Date "2018.12.27"]
[Round "3.3"]
[White "Peng, Shunkai"]
[Black "Pakleza, Zbigniew"]
[Result "1/2-1/2"]
[WhiteElo "2285"]
[BlackElo "2506"]
[PlyCount "106"]
[EventDate "2018.12.??"]
[EventType "swiss"]
[EventRounds "9"]
[EventCountry "USA"]

1. e4 d6 2. d4 Nf6 3. Nc3 Nbd7 4. Nf3 e5 5. Bc4 Be7 6. O-O O-O 7. a4 a5 8. Re1
c6 9. h3 Nb6 10. Bb3 Nfd7 11. Be3 exd4 12. Qxd4 Nc5 13. Rad1 Be6 14. Bxe6 fxe6
15. b3 Nbd7 16. Ne2 Qe8 17. Ng3 Qg6 18. Qd2 d5 19. exd5 exd5 20. Bd4 Ne6 21.
Qd3 Qxd3 22. Rxd3 Nxd4 23. Rxe7 Nxf3+ 24. Rxf3 Rxf3 25. gxf3 Nc5 26. Nf5 b5 27.
Rxg7+ Kh8 28. Rg4 bxa4 29. Nh6 Rf8 30. bxa4 Ne6 31. Kg2 Nf4+ 32. Kg3 Ng6 33.
Rg5 Kg7 34. Nf5+ Kf6 35. h4 Rb8 36. Nd4 Ne7 37. Rh5 c5 38. Nb5 Rg8+ 39. Kf4
Ng6+ 40. Ke3 Re8+ 41. Kd2 Nf4 42. Rxh7 Re2+ 43. Kc1 Rxf2 44. Ra7 Rxf3 45. Rxa5
Rh3 46. Ra8 Rxh4 47. a5 Ne2+ 48. Kd2 Nd4 49. Nxd4 Rxd4+ 50. Kc3 Rc4+ 51. Kb3
Rb4+ 52. Ka3 Ke5 53. Rh8 Rb1 1/2-1/2

[Event "28th North American Open"]
[Site "Las Vegas"]
[Date "2018.12.27"]
[Round "3.4"]
[White "Guo, Arthur"]
[Black "Li, Ben"]
[Result "1/2-1/2"]
[WhiteElo "2271"]
[BlackElo "2368"]
[PlyCount "66"]
[EventDate "2018.12.??"]
[EventType "swiss"]
[EventRounds "9"]
[EventCountry "USA"]

1. d4 d5 2. c4 e6 3. g3 Nf6 4. Nf3 dxc4 5. Bg2 Bd7 6. Ne5 Bc6 7. Nxc6 Nxc6 8.
e3 Qd7 9. O-O Rb8 10. Qe2 b5 11. b3 cxb3 12. axb3 Rb6 13. Rd1 a6 14. Nc3 Bb4
15. Bb2 O-O 16. d5 exd5 17. Nxd5 Nxd5 18. Rxd5 Bd6 19. Qh5 Ne7 20. Bh3 f5 21.
Rd3 Qe6 22. Rad1 a5 23. Qe2 Nc6 24. Rd5 Nb4 25. Rxb5 Rxb5 26. Qxb5 Qxb3 27. Rd2
Qa2 28. Bf1 Qb1 29. Qxa5 Qe4 30. Qb5 Qc6 31. Qe2 Qe4 32. Qb5 Qc6 33. Qe2 Qe4
1/2-1/2

[Event "28th North American Open"]
[Site "Las Vegas"]
[Date "2018.12.27"]
[Round "3"]
[White "Becerra Rivero, Julio"]
[Black "Yanayt, Eugene"]
[Result "0-1"]
[WhiteElo "2520"]
[BlackElo "2122"]
[PlyCount "76"]
[EventDate "2018.12.??"]
[EventType "swiss"]
[EventRounds "9"]
[EventCountry "USA"]

1. e4 c5 2. Nf3 d6 3. d4 cxd4 4. Nxd4 Nf6 5. Nc3 g6 6. g3 Bg7 7. Bg2 O-O 8. O-O
Bd7 9. h3 Nc6 10. Nde2 a6 11. a4 Rc8 12. g4 h5 13. g5 Ne8 14. f4 Qb6+ 15. Kh1
Nc7 16. Ra3 Rfd8 17. f5 Ne5 18. Rb3 Qa7 19. Nf4 b5 20. a5 Bc6 21. Nxh5 gxh5 22.
Qxh5 Ne8 23. Ne2 Qb7 24. Rf4 d5 25. f6 Ng6 26. fxg7 Nxg7 27. Qh6 dxe4 28. Be3
Rd6 29. Rf2 Rd1+ 30. Kh2 Bd5 31. Ng3 b4 32. c4 Rxc4 33. Bb6 e3 34. Rxe3 Bxg2
35. Rxg2 Rh4 36. Rc2 Rxh6 37. gxh6 Nf5 38. Ree2 Qf3 0-1

[Event "28th North American Open"]
[Site "Las Vegas"]
[Date "2018.12.27"]
[Round "3"]
[White "Enkhtuul, Altan-Ulzii"]
[Black "Zierk, Steven"]
[Result "0-1"]
[WhiteElo "2267"]
[BlackElo "2510"]
[PlyCount "112"]
[EventDate "2018.12.??"]
[EventType "swiss"]
[EventRounds "9"]
[EventCountry "USA"]

1. d4 d5 2. Nf3 Nf6 3. g3 c6 4. Bg2 Bf5 5. O-O h6 6. c4 e6 7. Nc3 Be7 8. Nd2
O-O 9. e4 dxe4 10. Ndxe4 Nbd7 11. Bf4 Nxe4 12. Nxe4 Nf6 13. Nc3 Qb6 14. Na4 Qa6
15. Qb3 Rad8 16. Rfd1 b5 17. cxb5 cxb5 18. Nc5 Qb6 19. a4 bxa4 20. Qxb6 axb6
21. Nxa4 b5 22. Nc5 Nd5 23. Bd2 Bf6 24. Ba5 Rd6 25. Rac1 Rc8 26. Ne4 Rxc1 27.
Rxc1 Bxe4 28. Rc8+ Kh7 29. Bxe4+ g6 30. Rb8 Bxd4 31. Rxb5 Nf6 32. Bf3 e5 33.
Bc7 Re6 34. Kg2 e4 35. Bd1 e3 36. fxe3 Rxe3 37. Ba5 h5 38. Bf3 Ng4 39. Rb7 Kg7
40. Bd2 Re6 41. b4 Ne5 42. Bd5 Rf6 43. Bf4 Nd3 44. Kf3 Bg1 45. Kg2 Nxf4+ 46.
gxf4 Be3 47. b5 Rxf4 48. Re7 Rf2+ 49. Kg3 Bc5 50. Rc7 Bd4 51. Rd7 Rf6 52. h3
Bc5 53. Bc4 Rf2 54. Rd5 h4+ 55. Kg4 Be3 56. Kxh4 Rg2 0-1

[Event "28th North American Open"]
[Site "Las Vegas"]
[Date "2018.12.27"]
[Round "3"]
[White "Lin, Andy"]
[Black "Balakrishnan, Praveen"]
[Result "0-1"]
[WhiteElo "2241"]
[BlackElo "2418"]
[PlyCount "92"]
[EventDate "2018.12.??"]
[EventType "swiss"]
[EventRounds "9"]
[EventCountry "USA"]

1. Nf3 d5 2. g3 Bg4 3. Bg2 Nd7 4. O-O c6 5. h3 Bh5 6. d4 Ngf6 7. c4 e6 8. cxd5
exd5 9. Qb3 Qb6 10. Qe3+ Be7 11. Nh4 Bg6 12. Nc3 Qd8 13. Bd2 O-O 14. Nxg6 hxg6
15. Qd3 Nb6 16. b3 Ba3 17. Rab1 a5 18. Na4 Nfd7 19. h4 Re8 20. Bf3 Nc8 21. Bf4
Bd6 22. Bd2 Bb4 23. Bf4 Nd6 24. Bxd6 Bxd6 25. Kg2 Nf6 26. Nc3 Qe7 27. e3 Bb4
28. Qc2 Qd6 29. Rbd1 Re7 30. e4 Bxc3 31. e5 Rxe5 32. dxe5 Qxe5 33. Rc1 d4 34.
Qd3 Qf5 35. Qc4 Re8 36. Rfd1 Re5 37. Rb1 Nd7 38. a3 Re7 39. Qf1 Ne5 40. Be2
Qe4+ 41. Kg1 Nf3+ 42. Bxf3 Qxf3 43. Rd3 Qe2 44. Qd1 Qa2 45. a4 Re2 46. Qf1 Rxf2
0-1

[Event "28th North American Open"]
[Site "Las Vegas"]
[Date "2018.12.27"]
[Round "3"]
[White "Aldama Degurnay, Dionisio"]
[Black "Ryba, Andrew"]
[Result "1-0"]
[WhiteElo "2412"]
[BlackElo "2232"]
[PlyCount "117"]
[EventDate "2018.12.??"]
[EventType "swiss"]
[EventRounds "9"]
[EventCountry "USA"]

1. e4 c5 2. Nc3 Nc6 3. f4 g6 4. Nf3 Bg7 5. Bc4 e6 6. d3 Nge7 7. O-O O-O 8. Qe1
d5 9. Bb3 Na5 10. e5 a6 11. a4 Nxb3 12. cxb3 Nc6 13. a5 f6 14. exf6 Bxf6 15.
Na4 Qxa5 16. Be3 Qxe1 17. Rfxe1 Bd8 18. Nxc5 b6 19. Na4 Nb4 20. Bxb6 Nc2 21.
Bxd8 Rxd8 22. Nc5 d4 23. Rec1 Nxa1 24. Rxa1 Rb8 25. Ra4 Rb5 26. Rc4 a5 27. Ne5
Bb7 28. Nxe6 Rc8 29. Nxd4 Rbc5 30. Kf2 Bd5 31. Rxc5 Rxc5 32. Nd7 Rc7 33. Nf6+
Kf7 34. Nxh7 Rb7 35. Ng5+ Ke7 36. Ne4 a4 37. bxa4 Rxb2+ 38. Ne2 Bxe4 39. dxe4
Ra2 40. h4 Rxa4 41. e5 Ke6 42. Kf3 Ra3+ 43. Ke4 Ra2 44. Nd4+ Kf7 45. Kf3 Rd2
46. Nb5 Ke6 47. Nd6 Ra2 48. g3 Rb2 49. Kg4 Rb3 50. Ne4 Re3 51. Nf6 Kf7 52. h5
g5 53. Kxg5 Rxg3+ 54. Kf5 Rg1 55. h6 Rh1 56. e6+ Kf8 57. h7 Ke7 58. Kg6 Rg1+
59. Kh6 1-0

[Event "28th North American Open"]
[Site "Las Vegas"]
[Date "2018.12.27"]
[Round "3"]
[White "Mulyar, Michael"]
[Black "Calugar, Arthur"]
[Result "1-0"]
[WhiteElo "2398"]
[BlackElo "2208"]
[PlyCount "97"]
[EventDate "2018.12.??"]
[EventType "swiss"]
[EventRounds "9"]
[EventCountry "USA"]

1. d4 Nf6 2. Nf3 g6 3. c4 Bg7 4. g3 O-O 5. Bg2 d5 6. cxd5 Nxd5 7. O-O Nb6 8.
Nc3 Nc6 9. e3 Re8 10. Nh4 e5 11. d5 Ne7 12. e4 Bd7 13. a4 c6 14. Qb3 cxd5 15.
exd5 Qc7 16. Bg5 Qc4 17. Qxc4 Nxc4 18. d6 Nc6 19. Nd5 Nxd6 20. Nc7 h6 21. Nxe8
Rxe8 22. Be3 Nc4 23. Bd5 Be6 24. Bxe6 Rxe6 25. b3 Nxe3 26. fxe3 e4 27. Rad1 Ne5
28. Rd8+ Kh7 29. Rd5 Rc6 30. Rxe5 Bxe5 31. Rxf7+ Bg7 32. Rxb7 a5 33. b4 Rc1+
34. Kg2 Rb1 35. b5 Rb4 36. Rb6 Rxa4 37. Nxg6 Ra2+ 38. Kh3 Re2 39. Nh4 Rxe3 40.
Rb7 Rb3 41. Nf5 a4 42. Nxg7 a3 43. Ne6+ Kg6 44. Ra7 e3 45. Nf4+ Kf5 46. b6 h5
47. b7 Ke4 48. Rxa3 Rxb7 49. Ng2 1-0

[Event "28th North American Open"]
[Site "Las Vegas"]
[Date "2018.12.27"]
[Round "3"]
[White "Sethuraman, Sandeep"]
[Black "Vivekananthan, Anish"]
[Result "0-1"]
[WhiteElo "1901"]
[BlackElo "2294"]
[PlyCount "104"]
[EventDate "2018.12.??"]
[EventType "swiss"]
[EventRounds "9"]
[EventCountry "USA"]

1. d4 Nf6 2. c4 e6 3. Nc3 Bb4 4. e3 O-O 5. Nge2 Re8 6. a3 Bf8 7. Ng3 b6 8. Be2
Bb7 9. O-O d5 10. cxd5 exd5 11. b4 g6 12. Bb2 h5 13. Re1 a6 14. Bd3 Bd6 15. Qc2
h4 16. Nf1 Nbd7 17. Nd2 Rc8 18. b5 axb5 19. Nxb5 Bf8 20. Na7 Ra8 21. Nc6 Bxc6
22. Qxc6 Re6 23. Qc2 c5 24. dxc5 bxc5 25. Nf3 Bg7 26. Nxh4 c4 27. Bf1 Ne4 28.
Bxg7 Kxg7 29. Nf3 Qf6 30. Nd4 Rea6 31. Bxc4 Rc8 32. Bxa6 Rxc2 33. Nxc2 Qxf2+
34. Kh1 Qxc2 35. a4 Ndc5 36. Bb5 Qc3 37. Kg1 Nb3 38. Rad1 f5 39. Re2 d4 40. h3
dxe3 41. Rd3 Qa1+ 42. Kh2 Nd4 43. Rexe3 Nxb5 44. axb5 Qe5+ 45. g3 Qb2+ 46. Kg1
Qf2+ 47. Kh1 Qf1+ 48. Kh2 Nf2 49. Rd7+ Kh6 50. g4 f4 51. g5+ Kxg5 52. Re5+ Kh6
0-1

[Event "28th North American Open"]
[Site "Las Vegas"]
[Date "2018.12.27"]
[Round "3"]
[White "Della Morte, Pablo"]
[Black "Encinas Varela, David"]
[Result "1-0"]
[WhiteElo "2286"]
[BlackElo "1885"]
[PlyCount "75"]
[EventDate "2018.12.??"]
[EventType "swiss"]
[EventRounds "9"]
[EventCountry "USA"]

1. e4 c5 2. Nf3 d6 3. d4 cxd4 4. Nxd4 Nf6 5. Nc3 Nc6 6. Be2 e5 7. Nf3 Be7 8.
Bg5 Be6 9. O-O a6 10. Bxf6 Bxf6 11. Nd5 Bxd5 12. Qxd5 Qc7 13. c3 O-O 14. Rfd1
Rfd8 15. a4 Ne7 16. Qb3 Rac8 17. Nd2 Qc6 18. Bf3 Bg5 19. Nb1 Rc7 20. a5 Qc4 21.
Qc2 d5 22. Na3 Qc5 23. exd5 Nxd5 24. Qf5 Bf6 25. Be4 g6 26. Qf3 Nf4 27. g3 Nh5
28. Rxd8+ Bxd8 29. Rd1 Qe7 30. Qd3 Rc8 31. Nc4 Bc7 32. Bxb7 Rd8 33. Qe2 Rxd1+
34. Qxd1 Qc5 35. Qd5 Qe7 36. Bxa6 Nf6 37. Qb7 Ng4 38. Qc8+ 1-0

[Event "28th North American Open"]
[Site "Las Vegas"]
[Date "2018.12.27"]
[Round "3"]
[White "Zavortink, Matt"]
[Black "Karthik Venkataraman"]
[Result "0-1"]
[WhiteElo "2160"]
[BlackElo "2527"]
[PlyCount "126"]
[EventDate "2018.12.??"]
[EventType "swiss"]
[EventRounds "9"]
[EventCountry "USA"]

1. Nf3 c5 2. c4 Nc6 3. Nc3 g6 4. e3 Nf6 5. d4 cxd4 6. exd4 d5 7. cxd5 Nxd5 8.
Qb3 e6 9. Bb5 Bg7 10. Bg5 f6 11. Bd2 O-O 12. O-O Na5 13. Qa3 a6 14. Nxd5 Qxd5
15. Qxa5 Qxb5 16. Qxb5 axb5 17. Bc3 Bd7 18. Ne1 Rfc8 19. Nd3 Kf7 20. Rfe1 b6
21. a3 Bf8 22. Nb4 Rc4 23. Kf1 Bd6 24. g3 g5 25. f3 h5 26. Kf2 Rh8 27. Kg2 Bc8
28. Re3 Bb7 29. Rae1 Re8 30. Kf2 h4 31. Nd3 Bd5 32. Nb4 Ba8 33. Nd3 Rcc8 34. f4
hxg3+ 35. hxg3 Rh8 36. Rxe6 Rh2+ 37. Kf1 Rh1+ 38. Kf2 Rxe1 39. Rxe1 gxf4 40.
gxf4 Bxa3 41. Ra1 Bd6 42. Ra6 Bc7 43. Ke3 Kg6 44. Bd2 Kf5 45. Ra3 Rh8 46. Rb3
Rh3+ 47. Ke2 Bf3+ 48. Ke1 Rh1+ 49. Kf2 Kg4 50. Ke3 Rh8 51. Nf2+ Kg3 52. Ne4+
Kg2 53. Nxf6 Rh3 54. Rc3 Bd8 55. Ng4 Bxg4+ 56. Ke4 Bf3+ 57. Ke5 Rh5+ 58. Ke6
Bg4+ 59. Kd6 Rh6+ 60. Kd5 Bf3+ 61. Ke5 Bf6+ 62. Kf5 Bxd4 63. Rb3 Bd1 0-1

[Event "28th North American Open"]
[Site "Las Vegas"]
[Date "2018.12.27"]
[Round "3"]
[White "Kollar, Romain"]
[Black "Nilsson, Roy"]
[Result "1-0"]
[WhiteElo "2180"]
[BlackElo "1800"]
[PlyCount "31"]
[EventDate "2018.12.??"]
[EventType "swiss"]
[EventRounds "9"]
[EventCountry "USA"]

1. e4 d6 2. d4 Nf6 3. Nc3 c6 4. f4 Qa5 5. e5 Ne4 6. Qf3 d5 7. Bd3 Nxc3 8. Bd2
Qb6 9. bxc3 e6 10. Nh3 g6 11. O-O h5 12. Qg3 Qc7 13. Ng5 Rg8 14. f5 gxf5 15.
Nxe6 fxe6 16. Qxg8 1-0

[Event "28th North American Open"]
[Site "Las Vegas"]
[Date "2018.12.27"]
[Round "4.1"]
[White "Bai, Jinshi"]
[Black "Yanayt, Eugene"]
[Result "1-0"]
[WhiteElo "2568"]
[BlackElo "2122"]
[PlyCount "47"]
[EventDate "2018.12.??"]
[EventType "swiss"]
[EventRounds "9"]
[EventCountry "USA"]

1. d4 Nf6 2. Nf3 g6 3. g3 Bg7 4. Bg2 O-O 5. O-O d6 6. b3 b5 7. Ne1 c6 8. c4
bxc4 9. bxc4 Be6 10. Nd2 Qc8 11. e4 Bg4 12. Nef3 Na6 13. Rb1 c5 14. e5 dxe5 15.
dxe5 Nd7 16. e6 Ne5 17. exf7+ Rxf7 18. h3 Bf5 19. Ng5 Bxb1 20. Nxf7 Bd3 21.
Nxe5 Bxe5 22. Re1 Bd4 23. Bd5+ Kh8 24. Qf3 1-0

[Event "28th North American Open"]
[Site "Las Vegas"]
[Date "2018.12.27"]
[Round "4.2"]
[White "Song, Edward"]
[Black "Li, Ruifeng"]
[Result "1-0"]
[WhiteElo "2355"]
[BlackElo "2559"]
[PlyCount "52"]
[EventDate "2018.12.??"]
[EventType "swiss"]
[EventRounds "9"]
[EventCountry "USA"]

1. d4 Nf6 2. c4 e6 3. Nc3 c5 4. d5 exd5 5. cxd5 d6 6. e4 g6 7. h3 Bg7 8. Nf3
O-O 9. Bd3 a6 10. a4 Nbd7 11. O-O Nh5 12. Bg5 Bf6 13. Be3 Rb8 14. Qc2 g5 15.
Qd2 h6 16. Be2 Ng7 17. Nh2 Ne5 18. f4 gxf4 19. Bxf4 Bg5 20. Nf3 Nxf3+ 21. Rxf3
Qf6 22. Raf1 Qd4+ 23. Qxd4 cxd4 24. Bxd6 Bd7 25. Bxb8 Rxb8 26. Rxf7 Bc8 1-0

[Event "28th North American Open"]
[Site "Las Vegas"]
[Date "2018.12.27"]
[Round "4.3"]
[White "Zierk, Steven"]
[Black "Della Morte, Pablo"]
[Result "1-0"]
[WhiteElo "2510"]
[BlackElo "2286"]
[PlyCount "55"]
[EventDate "2018.12.??"]
[EventType "swiss"]
[EventRounds "9"]
[EventCountry "USA"]

1. d4 Nf6 2. Bf4 d5 3. e3 c5 4. c3 Nc6 5. Nd2 e6 6. Ngf3 Bd6 7. Bg3 O-O 8. Bd3
b6 9. e4 dxe4 10. Nxe4 Nxe4 11. Bxe4 Bb7 12. Qe2 cxd4 13. O-O-O e5 14. Kb1 Re8
15. h4 h6 16. Bc2 e4 17. Nxd4 Qf6 18. Bxd6 Qxd6 19. Nf5 Qc7 20. Qg4 Qe5 21. Rd7
Bc8 22. Nxh6+ Kh7 23. Nxf7 Bxd7 24. Qxd7 Qf6 25. Nd6 Ne5 26. Bxe4+ Kh8 27. Nxe8
Qf8 28. Qxg7+ 1-0

[Event "28th North American Open"]
[Site "Las Vegas"]
[Date "2018.12.27"]
[Round "4.4"]
[White "Pakleza, Zbigniew"]
[Black "Kumar, Nikhil"]
[Result "1-0"]
[WhiteElo "2506"]
[BlackElo "2281"]
[PlyCount "105"]
[EventDate "2018.12.??"]
[EventType "swiss"]
[EventRounds "9"]
[EventCountry "USA"]

1. Nf3 Nf6 2. c4 e6 3. g3 d5 4. Bg2 Be7 5. O-O O-O 6. b3 b6 7. Bb2 Bb7 8. e3 c5
9. Nc3 Nc6 10. cxd5 Nxd5 11. Nxd5 Qxd5 12. d4 Qf5 13. Ne5 Nxe5 14. Bxb7 Rad8
15. Qe2 Qd3 16. Ba6 Qxe2 17. Bxe2 cxd4 18. Bxd4 Nc6 19. Bc3 Nb4 20. Rfc1 Rc8
21. a3 Nd5 22. Bb2 f5 23. Ba6 Rxc1+ 24. Rxc1 Bf6 25. Bxf6 Rxf6 26. Rc6 Rf7 27.
Bc4 Nc7 28. Bxe6 Nxe6 29. Rxe6 Rc7 30. Re5 g6 31. h3 Kf7 32. g4 Kf6 33. Rb5 h5
34. gxf5 gxf5 35. Kg2 h4 36. Kf3 Rc2 37. Rd5 Rb2 38. b4 Ra2 39. Rd3 a5 40. bxa5
bxa5 41. Rd4 Rxa3 42. Rxh4 Ra2 43. Rh6+ Kg7 44. Ra6 a4 45. h4 a3 46. h5 Kh7 47.
Rf6 f4 48. Rxf4 Rb2 49. Ra4 a2 50. Ra6 Rc2 51. e4 Rb2 52. Kg3 Rb3+ 53. f3 1-0

[Event "28th North American Open"]
[Site "Las Vegas"]
[Date "2018.12.27"]
[Round "4"]
[White "Balakrishnan, Praveen"]
[Black "Peng, Shunkai"]
[Result "1-0"]
[WhiteElo "2418"]
[BlackElo "2285"]
[PlyCount "77"]
[EventDate "2018.12.??"]
[EventType "swiss"]
[EventRounds "9"]
[EventCountry "USA"]

1. e4 c5 2. Nf3 d6 3. d4 cxd4 4. Nxd4 Nf6 5. Nc3 a6 6. Bg5 Nbd7 7. Qe2 g6 8. f4
e5 9. fxe5 dxe5 10. Nb3 Qc7 11. O-O-O Be7 12. Qf3 Bd8 13. Bh6 Rb8 14. Be2 Rg8
15. h4 Qc6 16. Rhf1 Qe6 17. Bg5 b5 18. Bxf6 Qxf6 19. Rxd7 Bxd7 20. Qxf6 Bxf6
21. Rxf6 Be6 22. Nd5 Rc8 23. Rxe6+ fxe6 24. Nf6+ Ke7 25. Nxg8+ Rxg8 26. Nc5 Ra8
27. a3 h5 28. b4 Kd6 29. Kd2 Kc6 30. Nxe6 a5 31. Bxb5+ Kb6 32. bxa5+ Kxa5 33.
c4 Ra7 34. a4 Re7 35. Nd8 Kb6 36. Ke3 Rg7 37. c5+ Ka7 38. c6 Kb6 39. Ne6 1-0

[Event "28th North American Open"]
[Site "Las Vegas"]
[Date "2018.12.28"]
[Round "4"]
[White "Vivekananthan, Anish"]
[Black "Mulyar, Michael"]
[Result "1/2-1/2"]
[WhiteElo "2294"]
[BlackElo "2398"]
[PlyCount "96"]
[EventDate "2018.12.??"]
[EventType "swiss"]
[EventRounds "9"]
[EventCountry "USA"]

1. e4 e5 2. Nf3 Nc6 3. Nc3 Nf6 4. d4 Bb4 5. Nxe5 Qe7 6. Qd3 Nxe5 7. dxe5 Qxe5
8. Bd2 O-O 9. O-O-O Bxc3 10. Bxc3 Qf4+ 11. Rd2 d5 12. exd5 Re8 13. b3 Ne4 14.
Qd4 Qh6 15. Bb5 c6 16. dxc6 bxc6 17. Bxc6 Nxd2 18. Kb2 Ba6 19. Bxa8 Nc4+ 20.
bxc4 Rxa8 21. Re1 Qb6+ 22. Qxb6 axb6 23. Kb3 Rc8 24. Re4 f6 25. f3 Kf7 26. a4
Rc6 27. Bb4 Rc7 28. Rd4 h5 29. h4 Kg6 30. Bd6 Rc8 31. Kb4 Re8 32. Rd2 Kf7 33.
c5 bxc5+ 34. Bxc5 Bf1 35. Rf2 Re1 36. Ka5 Rb1 37. Bb4 Ke6 38. c3 Kd7 39. Kb6
Re1 40. Rd2+ Kc8 41. a5 Re6+ 42. Kc5 Kc7 43. Kd4 g5 44. Rf2 Ba6 45. hxg5 fxg5
46. f4 gxf4 47. Rxf4 Rg6 48. Rf5 Be2 1/2-1/2

[Event "28th North American Open"]
[Site "Las Vegas"]
[Date "2018.12.27"]
[Round "4"]
[White "Karthik Venkataraman"]
[Black "Findlay, Ian T"]
[Result "1/2-1/2"]
[WhiteElo "2527"]
[BlackElo "2251"]
[PlyCount "180"]
[EventDate "2018.12.??"]
[EventType "swiss"]
[EventRounds "9"]
[EventCountry "USA"]

1. d4 Nf6 2. Nf3 e6 3. c4 c5 4. d5 exd5 5. cxd5 d6 6. Nc3 g6 7. Bf4 Bg7 8. Qa4+
Bd7 9. Qb3 Qc7 10. e4 O-O 11. Be2 Re8 12. Nd2 Na6 13. O-O Rac8 14. Rfe1 c4 15.
Bxc4 Nc5 16. Qc2 a6 17. a4 Ncxe4 18. Ncxe4 Nxe4 19. Rxe4 b5 20. axb5 axb5 21.
Rxe8+ Bxe8 22. Re1 bxc4 23. Qxc4 Qb7 24. Qe4 Bb5 25. Bxd6 Rd8 26. Bf4 Qxd5 27.
Qb4 Bf8 28. Qc3 Bg7 29. Qc1 g5 30. Be3 h6 31. f3 f5 32. Nb1 f4 33. Bf2 Bc6 34.
Nc3 Qd2 35. Qb1 Qd3 36. Qa2+ Kh8 37. Qf7 Rf8 38. Qc7 Qd7 39. Qxd7 Bxd7 40. Rd1
Bxc3 41. bxc3 Be6 42. Rd6 Re8 43. Bd4+ Kg8 44. Rc6 Kf7 45. Rc7+ Re7 46. Rc5 Rb7
47. h3 Rb1+ 48. Kh2 Rb7 49. Be5 Rb2 50. Rc7+ Kg6 51. Rc6 Kf7 52. c4 Rc2 53. c5
Bd5 54. Rf6+ Ke7 55. Kg1 Rc1+ 56. Kf2 Rc2+ 57. Ke1 Rxg2 58. c6 Bxf3 59. c7 Re2+
60. Kf1 Rc2 61. Rxh6 Be4 62. Rh8 f3 63. c8=N+ Ke6 64. Bd4 Bd3+ 65. Kg1 Rg2+ 66.
Kh1 f2 67. Rh6+ Kd5 68. Bxf2 Rxf2 69. Kg1 Rf8 70. Nb6+ Ke4 71. Nd7 Rf5 72. Rd6
Bc4 73. Rg6 Bb5 74. Nf6+ Kf4 75. Kg2 Bc6+ 76. Kh2 Bf3 77. Ng8 Rc5 78. Rf6+ Rf5
79. Rb6 Re5 80. Rf6+ Rf5 81. Rxf5+ Kxf5 82. Kg3 Be2 83. Kg2 Bd3 84. Ne7+ Kf6
85. Nd5+ Ke5 86. Ne3 Bf5 87. Nxf5 Kxf5 88. Kg3 Kf6 89. Kg4 Kg6 90. h4 gxh4
1/2-1/2

[Event "28th North American Open"]
[Site "Las Vegas"]
[Date "2018.12.28"]
[Round "4"]
[White "Shen, Christopher"]
[Black "Kollar, Romain"]
[Result "0-1"]
[WhiteElo "2311"]
[BlackElo "2180"]
[PlyCount "128"]
[EventDate "2018.12.??"]
[EventType "swiss"]
[EventRounds "9"]
[EventCountry "USA"]

1. c4 c5 2. g3 g6 3. Bg2 Bg7 4. Nc3 Nc6 5. Nf3 Nh6 6. O-O Nf5 7. d3 O-O 8. Rb1
b6 9. a3 Bb7 10. Bd2 Rb8 11. b4 d6 12. e3 Qd7 13. Qe2 Rfd8 14. Rfd1 h5 15. h3
Ba8 16. Ne4 Ne5 17. Nxe5 Bxe5 18. Be1 Bg7 19. Qc2 d5 20. cxd5 cxb4 21. Bxb4
Bxd5 22. Rbc1 a5 23. Bc3 a4 24. Bxg7 Bb3 25. Qb2 Nxg7 26. Rd2 Rbc8 27. Rxc8
Rxc8 28. d4 Qc7 29. g4 hxg4 30. hxg4 Ne8 31. Bf3 f5 32. gxf5 gxf5 33. Ng3 Qc1+
34. Kg2 Qxb2 35. Rxb2 Nd6 36. Rb1 e6 37. Be2 b5 38. Nf1 Rc3 39. Nd2 Ba2 40. Rb2
Rxa3 41. Bxb5 Nxb5 42. Rxb5 Bd5+ 43. Kg3 Rd3 44. Rb8+ Kg7 45. Nb1 a3 46. Nxa3
Rxa3 47. Rb1 Kf6 48. Kf4 Ra4 49. Kg3 Kg5 50. Rc1 f4+ 51. exf4+ Kf5 52. f3 Rxd4
53. Rh1 Rd3 54. Rf1 Ra3 55. Rf2 Ra7 56. Rh2 Rg7+ 57. Kf2 Kxf4 58. Rh4+ Kf5 59.
Ke3 Rg3 60. Rf4+ Ke5 61. Rf8 Rxf3+ 62. Rxf3 Bxf3 63. Kxf3 Kd4 64. Ke2 Ke4 0-1

[Event "28th North American Open"]
[Site "Las Vegas"]
[Date "2018.12.27"]
[Round "4"]
[White "Andersen, Gunnar"]
[Black "Becerra Rivero, Julio"]
[Result "0-1"]
[WhiteElo "2194"]
[BlackElo "2520"]
[PlyCount "66"]
[EventDate "2018.12.??"]
[EventType "swiss"]
[EventRounds "9"]
[EventCountry "USA"]

1. e4 e5 2. Nf3 Nc6 3. Bc4 Nf6 4. d3 Be7 5. O-O O-O 6. Re1 d6 7. a4 Na5 8. Ba2
c5 9. Nbd2 Be6 10. c3 Nc6 11. Nc4 h6 12. h3 Rc8 13. Qe2 Re8 14. Bd2 Bf8 15. b4
cxb4 16. cxb4 d5 17. exd5 Bxd5 18. b5 Nb4 19. Bxb4 Bxb4 20. Red1 Bc3 21. Rac1
Bd4 22. Nxd4 exd4 23. Qb2 Nh5 24. Qxd4 Qg5 25. Qg4 Nf4 26. Kh2 Qxg4 27. hxg4
Re2 28. Bb3 Rxf2 29. Kg3 Rxg2+ 30. Kxf4 Re8 31. Rf1 g5+ 32. Kf5 Rge2 33. Rc2
R2e6 0-1

[Event "28th North American Open"]
[Site "Las Vegas"]
[Date "2018.12.28"]
[Round "4"]
[White "Encinas Varela, David"]
[Black "Lin, Andy"]
[Result "0-1"]
[WhiteElo "1885"]
[BlackElo "2241"]
[PlyCount "86"]
[EventDate "2018.12.??"]
[EventType "swiss"]
[EventRounds "9"]
[EventCountry "USA"]

1. e4 e6 2. d4 d5 3. e5 c5 4. c3 Nc6 5. Nf3 Qb6 6. a3 c4 7. g3 Na5 8. Nbd2 Bd7
9. h4 Ne7 10. Bh3 Qc7 11. O-O Nc8 12. Ne1 Be7 13. f4 f5 14. Ng2 Nb6 15. Ne3
O-O-O 16. Nf3 h6 17. Kh2 g6 18. Bd2 Rdg8 19. g4 fxg4 20. Nxg4 Nb3 21. Rb1 Qd8
22. Be1 g5 23. h5 gxf4 24. Nd2 Rf8 25. Nxb3 cxb3 26. Bd2 Bg5 27. Nf6 Bxf6 28.
exf6 Rxf6 29. Bxf4 Rhf8 30. Bg3 Rxf1 31. Bxf1 Qg5 32. Bh3 Nc4 33. Qe2 Nd2 34.
Bxe6 Nxb1 35. Bxd7+ Kxd7 36. Qb5+ Ke6 37. Qe2+ Kf7 38. Qf1+ Kg8 39. Qxb1 Qxh5+
40. Kg2 Qf3+ 41. Kh2 Qe4 42. Qg1 Qe2+ 43. Kh3 Rf1 0-1

[Event "28th North American Open"]
[Site "Las Vegas"]
[Date "2018.12.27"]
[Round "4"]
[White "Ryba, Andrew"]
[Black "Yang, Kevin"]
[Result "1/2-1/2"]
[WhiteElo "2232"]
[BlackElo "2135"]
[PlyCount "46"]
[EventDate "2018.12.??"]
[EventType "swiss"]
[EventRounds "9"]
[EventCountry "USA"]

1. e4 c6 2. d4 d5 3. Nc3 dxe4 4. Nxe4 Nd7 5. Ng5 e6 6. Bd3 Ngf6 7. N1f3 Bd6 8.
O-O h6 9. Ne4 Nxe4 10. Bxe4 Nf6 11. Bd3 Qc7 12. Qe2 b6 13. c4 O-O 14. b3 Bb7
15. Bb2 c5 16. dxc5 Qxc5 17. Ne5 Rad8 18. Rad1 Nd7 19. Nxd7 Rxd7 20. Qg4 Qg5
21. Qxg5 hxg5 22. Bc2 Rfd8 23. a3 a5 1/2-1/2

[Event "28th North American Open"]
[Site "Las Vegas"]
[Date "2018.12.27"]
[Round "4"]
[White "Calugar, Arthur"]
[Black "Sethuraman, Sandeep"]
[Result "1-0"]
[WhiteElo "2208"]
[BlackElo "1901"]
[PlyCount "51"]
[EventDate "2018.12.??"]
[EventType "swiss"]
[EventRounds "9"]
[EventCountry "USA"]

1. e4 e5 2. Nf3 Nc6 3. Bc4 Nf6 4. d3 Bc5 5. c3 O-O 6. O-O d5 7. exd5 Nxd5 8. b4
Be7 9. Qb3 Nb6 10. Bb5 Bf6 11. Nbd2 Bd7 12. Ne4 a6 13. Bxc6 Bxc6 14. Qc2 a5 15.
Bb2 Bxe4 16. dxe4 Nc4 17. Rfd1 Qe7 18. Qe2 b5 19. a4 axb4 20. axb5 Qc5 21. Rxa8
Rxa8 22. Rd5 bxc3 23. Bxc3 Qa3 24. Qxc4 Qc1+ 25. Ne1 Bg5 26. g3 1-0